| 000 | 00572nam a22001937a 4500 | ||
|---|---|---|---|
| 005 | 20251108171956.0 | ||
| 008 | 250721s1995 xx 000 0 ara d | ||
| 082 | 1 | 4 | _a616.6/غار |
| 100 | 1 | _aابو الغار، محمد | |
| 245 | 1 | 0 | _aلا مستحيل في علاج العقم / |
| 264 | 1 |
_aالقاهرة : _bدار أخبار اليوم، _c1995. |
|
| 300 | _a110ص | ||
| 490 | 0 | _aكتاب اليوم الطبي ؛ 157 | |
| 650 | 1 | 7 | _aالعقم |
| 650 | 1 | 7 | _aالجهاز التناسلي |
| 650 | 1 | 7 | _aالأمراض |
| 942 |
_2ddc _cBK |
||
| 999 |
_c67332 _d67332 |
||